Catálogo

Vista normal Vista MARC

Entrada Personal Name

Número de registros utilizados en: 1

001 - CONTROL NUMBER

  • control field: 17429

003 - CONTROL NUMBER IDENTIFIER

  • control field: DLC

005 - DATE AND TIME OF LATEST TRANSACTION

  • control field: 20250903165342.0

008 - FIXED-LENGTH DATA ELEMENTS

  • fixed length control field: 030604n| azannaabn |n aaa c

010 ## - LIBRARY OF CONGRESS CONTROL NUMBER

  • LC control number: no2003055120

035 ## - SYSTEM CONTROL NUMBER

  • System control number: (OCoLC)oca06065959

040 ## - CATALOGING SOURCE

  • Original cataloging agency: DSI
  • Language of cataloging: spa
  • Description conventions: rda
  • Transcribing agency: Mx-PuUPA
  • Modifying agency: DLC
  • Modifying agency: Mx-PuUPA

046 ## - SPECIAL CODED DATES

  • Birth date: 1929
  • Source of date scheme: edtf

100 1# - HEADING--PERSONAL NAME

  • Personal name: Gurría, Ángela,
  • Dates associated with a name: 1929-

370 ## - ASSOCIATED PLACE

  • Place of birth: Ciudad de México (México)
  • Source of term: naf

372 ## - FIELD OF ACTIVITY

  • Field of activity: Escultura, Mexicana
  • Source of term: lcsh

374 ## - OCCUPATION

  • Occupation: Escultora
  • Occupation: Autora
  • Source of term: lcsh

375 ## - GENDER

  • Gender: mujer

377 ## - ASSOCIATED LANGUAGE

  • Language code: spa

670 ## - SOURCE DATA FOUND

  • Source citation: Galería Arvil en su XXV aniversario presenta, 1995:
  • Information found: t.p. (Angela Gurría)

670 ## - SOURCE DATA FOUND

  • Source citation: Artes e historia México Web site, June 4, 2003
  • Information found: (under Pieza del mes: Ángela Gurría; b. 1929, Mexico City)

670 ## - SOURCE DATA FOUND

  • Source citation: Ángela Gurría, 2016:
  • Information found: p. 7 (a protagonist of the site specific sculpture)